000 00537nam a2200193Ia 4500
008 131103s9999 xx 000 0 und d
040 _aLoreto College
041 _aEnglish
082 _aF/TOL
_bLCBED/6682
100 _aTolstoy,L.N.
245 _aAnna Karenin
_cL.N.Tolstoy;translated by Rosemary Edmonds
260 _aHarmondsworth
_bPenguin Books
_c1968
300 _a853 p.
_c 18 cm.
440 _aThe Penguin Classics
650 _aEnglish fiction
700 _aEdmonds,Rosemary; tr.
850 _aLCBED/F/TOL
942 _cBK
999 _c33036
_d83515